FIFA World Cup 2026 - Netherlands Squad - Statistics

General Stats
  • This quiz has been taken 11 times
  • The average score is 22 of 27
Answer Stats
Team # Position Club/Country Player % Correct
Netherlands 11 LW Liverpool FC Cody Gakpo
100%
Netherlands 4 CB Liverpool FC Virgil van Dijk
100%
Netherlands 21 CM FC Barcelona Frenkie de Jong
91%
Netherlands 2 RB Arsenal FC Jurriën Timber
91%
Netherlands 10 ST Sport Club Corinthians Paulista Memphis Depay
91%
Netherlands 15 CB Tottenham Hotspur Micky van de Ven
91%
Netherlands 5 CB Manchester City Nathan Aké
91%
Netherlands 17 LW Galatasaray Noa Lang
91%
Netherlands 26 CM Olympique Marseille Quinten Timber
91%
Netherlands 8 DM Liverpool FC Ryan Gravenberch
91%
Netherlands 9 ST Ajax Amsterdam Wout Weghorst
91%
Netherlands 1 GK Brighton & Hove Albion Bart Verbruggen
82%
Netherlands 24 LW West Ham United Crysencio Summerville
82%
Netherlands 22 RB Inter Milan Denzel Dumfries
82%
Netherlands 18 ST AS Roma Donyell Malen
82%
Netherlands 6 CB Brighton & Hove Albion Jan Paul van Hecke
82%
Netherlands 23 GK Bayer 04 Leverkusen Mark Flekken
82%
Netherlands 3 DM Atalanta BC Marten de Roon
82%
Netherlands 13 GK Sunderland AFC Robin Roefs
82%
Netherlands Manager Netherlands Ronald Koeman
82%
Netherlands 14 CM Manchester City Tijjani Reijnders
82%
Netherlands 25 LB Chelsea FC Jorrel Hato
73%
Netherlands 7 AM AFC Bournemouth Justin Kluivert
73%
Netherlands 20 DM Juventus FC Teun Koopmeiners
73%
Netherlands 19 ST Sunderland AFC Brian Brobbey
64%
Netherlands 16 AM PSV Eindhoven Guus Til
64%
Netherlands 12 RB Brighton & Hove Albion Mats Wieffer
45%
No matching quizzes found
Score Distribution
Percent of People with Each Score
Percentile by Number Answered
Your Score History
You have not taken this quiz